000 00777nam a2200229Ia 4500
003 OSt
005 20220923220956.0
006 a|||||r|||| 00| 0
007 ta
008 220922b |||||||| |||| 00| 0 hin d
024 _a193,135
037 _cTextual
040 _aARTS
_cARTS
_bhin
041 _2hin
_ahin
082 _aV2:2:N47, 152J6
100 _aसूद, ज्योति प्रसाद
245 0 _aभारत का राष्ट्रीय आन्दोलन तथा वैघानिक विकास
246 _aBhārat kā rāṣhṭrīya āndolan tathā vaighānik vikāsa
260 _c1956
942 _hV2:2:N47, 152J6
_cTEXL
_2CC
999 _c345626
_d345626